Entry Nombre personal
001 - NÚMERO DE CONTROL
- campo de control: 48305
003 - IDENTIFICADOR DE NÚMERO DE CONTROL
- campo de control: OSt
005 - FECHA Y HORA DE LA ÚLTIMA TRANSACCIÓN
- campo de control: 20230222192144.0
008 - ELEMENTOS DE DATO DE LONGITUD-FIJA
- campo de control de longitud fija: 021106 n acnnnaaan n ann d
040 ## - FUENTE DE CATALOGACIÓN
- Centro catalogador/agencia de origen: OSt
- Centro/agencia transcriptor: OSt
100 1# - ENCABEZAMIENTO-NOMBRE DE PERSONA
- Nombre de persona: Etxebarria, Jon Gotzon (
- Fechas asociadas al nombre: 1934-1996)
400 1# - TRAZADO DE VÉASE--NOMBRE DE PERSONA
- Nombre de persona: Etxebarria Martín, Jon Gotzon (
- Fechas asociadas al nombre: 1934-1996)
400 1# - TRAZADO DE VÉASE--NOMBRE DE PERSONA
- Nombre de persona: Gotzon Etxebarria, Jon (
- Fechas asociadas al nombre: 1934-1996)
400 1# - TRAZADO DE VÉASE--NOMBRE DE PERSONA
- Nombre de persona: Etxebarria, Juan Ángel (
- Fechas asociadas al nombre: 1934-1996)
400 1# - TRAZADO DE VÉASE--NOMBRE DE PERSONA
- Nombre de persona: Etxebarria Martín, Juan Ángel (
- Fechas asociadas al nombre: 1934-1996)
400 1# - TRAZADO DE VÉASE--NOMBRE DE PERSONA
- Nombre de persona: Echebarría, Juan Ángel (
- Fechas asociadas al nombre: 1934-1996)
400 1# - TRAZADO DE VÉASE--NOMBRE DE PERSONA
- Nombre de persona: Echebarría Martín, Juan Ángel (
- Fechas asociadas al nombre: 1934-1996)
400 1# - TRAZADO DE VÉASE--NOMBRE DE PERSONA
- Nombre de persona: Echevarría, Juan Ángel (
- Fechas asociadas al nombre: 1934-1996)
400 1# - TRAZADO DE VÉASE--NOMBRE DE PERSONA
- Nombre de persona: Echevarría Martín, Juan Ángel (
- Fechas asociadas al nombre: 1934-1996)
400 1# - TRAZADO DE VÉASE--NOMBRE DE PERSONA
- Nombre de persona: Etxebarria, Juan Anjel (
- Fechas asociadas al nombre: 1934-1996)
400 1# - TRAZADO DE VÉASE--NOMBRE DE PERSONA
- Nombre de persona: Dirauket (
- Fechas asociadas al nombre: 1934-1996)
